Secret Story 13 - Associer les candidats à leurs secrets - Statistiques

Statistiques générales
  • Ce quiz a été pris 409 fois
  • Le résultat moyen est 13 sur 14
Statistiques - réponses
Hint Réponse % Correct
J’ai remporté un télé-crochet de K-pop en Corée du Sud Dréa
97%
La moitié de mon visage a été reconstruite Pimprenelle
97%
Je fais partie des 1% de la population mondiale à avoir plus de 134 de QI
Mayer
94%
Je suis un phénomène viral Romy
94%
Nous sommes les gardiens de la transparence (garçon) Aïmed
93%
Mon frère est une légende vivante du football Ethan
93%
J’ai onze prénoms Marianne
93%
Notre histoire passée lie notre destin dans la maison des secrets (fille) Anita
92%
J’ai vécu dans ma voiture pendant six mois Théo
92%
J’ai découvert l’existence de ma soeur à l’âge de 16 ans Adrien
91%
Nous sommes un faux couple (fille) Constance
91%
Nous sommes un faux couple (garçon) Damien
89%
Nous sommes les gardiens de la transparence (fille) Célia
85%
Notre histoire passée lie notre destin dans la maison des secrets (garçon) Noah
78%
Aucun quiz correspondant
Distribution des résultats
% des personnes avec chaque résultat
Percentile par nombre de réponses
Votre historique - résultats
Vous n’avez pas pris ce quiz